MARC details
| 000 -LEADER |
| fixed length control field |
03007cam a22005654a 4500 |
| 001 - CONTROL NUMBER |
| control field |
muse74703 |
| 003 - CONTROL NUMBER IDENTIFIER |
| control field |
MdBmJHUP |
| 005 - DATE AND TIME OF LATEST TRANSACTION |
| control field |
20210127151258.0 |
| 006 - FIXED-LENGTH DATA ELEMENTS--ADDITIONAL MATERIAL CHARACTERISTICS |
| fixed length control field |
m o d |
| 007 - PHYSICAL DESCRIPTION FIXED FIELD--GENERAL INFORMATION |
| fixed length control field |
cr||||||||nn|n |
| 008 - FIXED-LENGTH DATA ELEMENTS--GENERAL INFORMATION |
| fixed length control field |
180222s2018 ncu o 00 0 eng d |
| 010 ## - LIBRARY OF CONGRESS CONTROL NUMBER |
| Canceled/invalid LC control number |
2018008228 |
| 020 ## - INTERNATIONAL STANDARD BOOK NUMBER |
| International Standard Book Number |
9781478002635 |
| 020 ## - INTERNATIONAL STANDARD BOOK NUMBER |
| Canceled/invalid ISBN |
9781478001201 (hardcover : alk. paper) |
| 020 ## - INTERNATIONAL STANDARD BOOK NUMBER |
| Canceled/invalid ISBN |
9781478001553 (pbk. : alk. paper) |
| 035 ## - SYSTEM CONTROL NUMBER |
| System control number |
(OCoLC)1029070823 |
| 040 ## - CATALOGING SOURCE |
| Original cataloging agency |
MdBmJHUP |
| Transcribing agency |
MdBmJHUP |
| 043 ## - GEOGRAPHIC AREA CODE |
| Geographic area code |
f-iv--- |
| 050 04 - LIBRARY OF CONGRESS CALL NUMBER |
| Classification number |
BL2470.C85 |
| Item number |
G75 2018 |
| 082 0# - DEWEY DECIMAL CLASSIFICATION NUMBER |
| Classification number |
305.4096668 |
| Edition number |
23 |
| 100 1# - MAIN ENTRY--PERSONAL NAME |
| Personal name |
Grillo, Laura S., |
| Dates associated with a name |
1956- |
| Relator term |
author. |
| 245 13 - TITLE STATEMENT |
| Title |
An Intimate Rebuke |
| Remainder of title |
Female Genital Power in Ritual and Politics in West Africa / |
| Statement of responsibility, etc. |
Laura S. Grillo. |
| 264 #1 - PRODUCTION, PUBLICATION, DISTRIBUTION, MANUFACTURE, AND COPYRIGHT NOTICE |
| Name of producer, publisher, distributor, manufacturer |
Duke University Press, |
| 264 #3 - PRODUCTION, PUBLICATION, DISTRIBUTION, MANUFACTURE, AND COPYRIGHT NOTICE |
| Name of producer, publisher, distributor, manufacturer |
Project MUSE, |
| 300 ## - PHYSICAL DESCRIPTION |
| Extent |
1 online resource (pages cm) |
| 490 0# - SERIES STATEMENT |
| Series statement |
The religious cultures of African and African diaspora people |
| 504 ## - BIBLIOGRAPHY, ETC. NOTE |
| Bibliography, etc. note |
Includes bibliographical references and index. |
| 505 0# - FORMATTED CONTENTS NOTE |
| Formatted contents note |
Home and the unhomely: the foundational nature of female genital power -- Genies, witches, and women: locating female powers -- Matrifocal morality: FGP and the foundation of "home" -- Gender and resistance: the "strategic essentialism" of FGP -- Worldliness: FGP in the making of ethnicity, alliance, and war in Côte d'Ivoire-- Founding knowledge/binding power: the moral foundations of ethnicity and Alliance -- Women at the checkpoint: challenging the forces of civil war -- Timeliness: urgent situations and emergent critiques -- Violation and deployment: FGP in politics in Côte d'Ivoire-- Memory, memorialization, and morality -- Conclusion. an intimate rebuke: a local critique in the global postcolony. |
| 506 0# - RESTRICTIONS ON ACCESS NOTE |
| Terms governing access |
Open Access |
| Standardized terminology for access restriction |
Unrestricted online access |
| Source of term |
star |
| 588 ## - SOURCE OF DESCRIPTION NOTE |
| Source of description note |
Description based on print version record. |
| 651 #0 - SUBJECT ADDED ENTRY--GEOGRAPHIC NAME |
| Geographic name |
Côte d'Ivoire |
| General subdivision |
Religion. |
| 650 #0 - SUBJECT ADDED ENTRY--TOPICAL TERM |
| Topical term or geographic name entry element |
Generative organs, Female |
| General subdivision |
Political aspects |
| Geographic subdivision |
Côte d'Ivoire. |
| 650 #0 - SUBJECT ADDED ENTRY--TOPICAL TERM |
| Topical term or geographic name entry element |
Generative organs, Female |
| General subdivision |
Religious aspects. |
| 650 #0 - SUBJECT ADDED ENTRY--TOPICAL TERM |
| Topical term or geographic name entry element |
Generative organs, Female |
| General subdivision |
Symbolic aspects |
| Geographic subdivision |
Côte d'Ivoire. |
| 650 #0 - SUBJECT ADDED ENTRY--TOPICAL TERM |
| Topical term or geographic name entry element |
Older women |
| General subdivision |
Political activity |
| Geographic subdivision |
Côte d'Ivoire. |
| 650 #0 - SUBJECT ADDED ENTRY--TOPICAL TERM |
| Topical term or geographic name entry element |
Older women |
| General subdivision |
Religious life |
| Geographic subdivision |
Côte d'Ivoire. |
| 655 #7 - INDEX TERM--GENRE/FORM |
| Genre/form data or focus term |
Electronic books. |
| Source of term |
local |
| 776 18 - ADDITIONAL PHYSICAL FORM ENTRY |
| Relationship information |
Online version: |
| Title |
Intimate rebuke |
| Place, publisher, and date of publication |
Durham : Duke University Press, 2018 |
| International Standard Book Number |
9781478002635 |
| Record control number |
(DLC) 2018013660 |
| 710 2# - ADDED ENTRY--CORPORATE NAME |
| Corporate name or jurisdiction name as entry element |
Project Muse. |
| Relator term |
distributor |
| 830 #0 - SERIES ADDED ENTRY--UNIFORM TITLE |
| Uniform title |
Religious cultures of African and African diaspora people. |
| 830 #0 - SERIES ADDED ENTRY--UNIFORM TITLE |
| Uniform title |
Book collections on Project MUSE. |
| 856 40 - ELECTRONIC LOCATION AND ACCESS |
| Public note |
Full text available: |
| Uniform Resource Identifier |
<a href="https://muse.jhu.edu/book/65094/">https://muse.jhu.edu/book/65094/</a> |
| 945 ## - LOCAL PROCESSING INFORMATION (OCLC) |
| a |
Project MUSE - 2019 Archaeology and Anthropology |
| 945 ## - LOCAL PROCESSING INFORMATION (OCLC) |
| a |
Project MUSE - 2019 African Studies |
| 945 ## - LOCAL PROCESSING INFORMATION (OCLC) |
| a |
Project MUSE - 2019 Complete |